| 000 | 00328nam a2200121Ia 4500 | ||
|---|---|---|---|
| 008 | 190216s9999||||xx |||||||||||||| ||und|| | ||
| 100 | _aThamburan R V R&Amp; Santha Kumari N | ||
| 245 | 0 | _aPreedegree Jandhusasthram Prayoga Sahayi | |
| 260 |
_bKerala Bhasha Institute _c1974 |
||
| 300 | _a131p | ||
| 650 | _aZoology | ||
| 942 | _cBK | ||
| 999 |
_c37586 _d37586 |
||